[Event "Gibtelecom Masters"]
[Site "Gibraltar ENG"]
[Date "2006.01.25"]
[Round "2"]
[White "Hutchinson,N"]
[Black "Kobese,W"]
[Result "0-1"]
[WhiteElo "2118"]
[BlackElo "2397"]
[EventDate "2006.01.24"]

1. e4 c5 2. c3 d5 3. exd5 Qxd5 4. Nf3 Nf6 5. d4 Nc6 6. dxc5 Qxd1+ 7. Kxd1
Be6 8. b4 a5 9. Bb5 Bd7 10. Bd2 Ne4 11. Be3 axb4 12. Bxc6 Bxc6 13. cxb4 Bd7
14. Nd4 O-O-O 15. Ke2 Bc6 16. Rd1 Ba4 17. Rd3 e5 18. Na3 exd4 19. Bf4 g5
20. Nc4 gxf4 21. Nb6+ Kc7 22. Nxa4 Nc3+ 23. Nxc3 dxc3 0-1